Buteurs du Stade Brestois 29 en ligue des champions - Statistiques

Statistiques générales
  • Ce quiz a été pris 66 fois
  • Le résultat moyen est 5 sur 7
Statistiques - réponses
Nombre de buts Pays Matchs Réponse % Correct
1 France Sturm Graz Hugo Magnetti
96%
3 Sénégal Sturm Graz et Salzbourg Abdallah Sima
86%
1 France Bayer Leverkusen Pierre Lees-Melou
84%
1 France Salzbourg Mahdi Camara
81%
1 France PSV Eindhoven Jullien Le-Cardinal
72%
1 Portugal Salzbourg Mathias Pereira Lage
67%
1 Suisse Sparta Prague Edimilson Fernandes
60%
Aucun quiz correspondant
Distribution des résultats
% des personnes avec chaque résultat
Percentile par nombre de réponses
Votre historique - résultats
Vous n’avez pas pris ce quiz